Thánh Tông di thảo

Guardado en:
Detalles Bibliográficos
Otros Autores: Nguyễn Bích Ngô (Dịch)
Formato: Libro
Lenguaje:Vietnamese
Publicado: H. Văn học 1993
Materias:
Etiquetas: Agregar Etiqueta
Sin Etiquetas, Sea el primero en etiquetar este registro!
Thư viện lưu trữ: Mạng thư viện Đại học Đà Nẵng
LEADER 00941nam a2200301 4500
001 000013806
003 10150
005 20120323080318.0
008 120323s1993 viesd
041 0 |a vie 
082 |a 895.92231  |b THA 
245 0 |a Thánh Tông di thảo  |c Nguyễn Bích Ngô(Dịch) 
260 |a H.  |b Văn học  |c 1993 
300 |a 211 tr.  |c 19 cm 
653 |a Thánh Tông 
653 |a Di thảo 
700 |a Nguyễn Bích Ngô  |e Dịch 
910 |a duyên 
OWN |a LSP 
AVA |a UDN50  |b LSP  |d 895.92231 THA  |e available  |t Error 5001 Not defined in file expand_doc_bib_avail.  |f 1  |g 0  |h N  |i 0  |k 1 
999 |a From the UDN01 
AVA |a UDN50  |b LSP  |d 895.92231 THA  |e available  |t Error 5001 Not defined in file expand_doc_bib_avail.  |f 1  |g 0  |h N  |i 0  |k 1 
TYP |a Monograph 
TYP |a Printed language 
980 |a Mạng thư viện Đại học Đà Nẵng